000 00528nam a2200181Ia 4500
008 090124s9999 xx 000 0 und d
082 _b122323
100 _aराजाध्यक्ष विजया
245 _a स्वच्छंद
250 _a1
260 _c1987
300 _a126
600 _aराजाध्यक्ष विजया
630 _a स्वच्छंद
700 _aराजाध्यक्ष विजया
730 _a स्वच्छंद
942 _cBOOK
999 _c168409
_d168409